[Event "SVK-chT2D 1718"]
[Site "Slovakia"]
[Date "2018.03.17"]
[Round "10.6"]
[White "Recky, Norbert"]
[Black "Bodnar, Jan"]
[Result "0-1"]
[WhiteElo "1838"]
[BlackElo "1909"]
[PlyCount "50"]
[EventDate "2017.10.28"]
[EventType "team-tourn"]
[EventRounds "11"]
[EventCountry "SVK"]
[SourceTitle "EXT 2020"]
[Source "ChessBase"]
[SourceDate "2019.10.17"]
[SourceVersion "1"]
[SourceVersionDate "2019.10.17"]
[SourceQuality "1"]
[WhiteTeam "Spisska Nova Ves"]
[BlackTeam "Moldava nad Bodvou"]
[WhiteTeamCountry "SVK"]
[BlackTeamCountry "SVK"]

1. e4 c5 2. Nf3 Nc6 3. d4 cxd4 4. Nxd4 Qc7 5. Be2 e6 6. 0-0 Nf6 7. Nc3 a6 8. Be3 Be7 9. f4 d6 10. g4 0-0 11. h4 Bd7 12. h5 Na5 13. a3 Nc4 14. Bxc4 Qxc4 15. Rc1 Bc6 16. e5 dxe5 17. fxe5 Nd5 18. Nxd5 Bxd5 19. Qd2 Rad8 20. Rfd1 Qc7 21. Qh2 Bc5 22. Bf2 Rd7 23. Rd2 Rfd8 24. Rcd1 Bxd4 25. Bxd4 Bf3 0-1

[Event "SVK-chT2D 1718"]
[Site "Slovakia"]
[Date "2017.10.29"]
[Round "2.3"]
[White "Bodnar, Jan"]
[Black "Koval, Jakub"]
[Result "0-1"]
[WhiteElo "1902"]
[BlackElo "2034"]
[PlyCount "106"]
[EventDate "2017.10.28"]
[EventType "team-tourn"]
[EventRounds "11"]
[EventCountry "SVK"]
[SourceTitle "EXT 2019"]
[Source "ChessBase"]
[SourceDate "2018.10.10"]
[SourceVersion "1"]
[SourceVersionDate "2018.10.10"]
[SourceQuality "1"]
[WhiteTeam "Moldava nad Bodvou"]
[BlackTeam "Presov Tatran II"]
[WhiteTeamCountry "SVK"]
[BlackTeamCountry "SVK"]

1. Nf3 f5 2. b3 Nf6 3. Bb2 e6 4. e3 Be7 5. Be2 0-0 6. 0-0 b6 7. c4 Bb7 8. Nc3 Ng4 9. Ne1 Nh6 10. f4 Bf6 11. Bf3 c6 12. Rc1 d6 13. d4 Re8 14. Qc2 e5 15. d5 c5 16. Nd1 Nd7 17. Nf2 g5 18. Bh5 Rf8 19. Nh3 g4 20. Nf2 exf4 21. Nfd3 Bxb2 22. Qxb2 Qg5 23. Nxf4 Nf6 24. Nf3 gxf3 25. Bxf3 Nhg4 26. Bxg4 Nxg4 27. Rf3 Qf6 28. Qd2 Rae8 29. Rcf1 Bc8 30. h3 Ne5 31. Rg3+ Kh8 32. Qe2 Rg8 33. Qh5 Rxg3 34. Qxe8+ Rg8 35. Qh5 Qg5 36. Qe2 h6 37. Kh1 Ng6 38. Nh5 Re8 39. Qb2+ Re5 40. Nf4 Kh7 41. Nxg6 Qxg6 42. Rf3 Qg7 43. Qf2 Re4 44. g4 Qa1+ 45. Kg2 fxg4 46. Rf7+ Kg6 47. Rf8 gxh3+ 48. Kh2 Qe5+ 49. Kh1 Bf5 50. Rg8+ Kh7 51. Rf8 Bg6 52. Rc8 Qg7 53. Kh2 Rg4 0-1